书目信息 |
| 题名: |
水处理药剂及配方手册
|
|
| 作者: | 严莲荷 主编 | |
| 分册: | ||
| 出版信息: | 北京 中国石化出版社 2004.01 |
|
| 页数: | 602页 | |
| 开本: | 26cm | |
| 丛书名: | ||
| 单 册: | ||
| 中图分类: | TU991.2-62 , X703.5 | |
| 科图分类: | ||
| 主题词: | 水处理药剂--配方--手册 , 水处理药剂 , 配方 , 废物 , 废物处理 , 废物综合利用 | |
| 电子资源: | ||
| ISBN: | 7-80164-468-9 | |
| 000 | 00911nam0 2200301 45 | |
| 001 | 012004000000 | |
| 005 | 20050119104706.94 | |
| 010 | @a7-80164-468-9@dCNY 85.00 | |
| 100 | @a20040913d2004 em y0chiy0121 ea | |
| 101 | 0 | @achi |
| 102 | @aCN@b110000 | |
| 105 | @ak z 000yy | |
| 200 | 1 | @a水处理药剂及配方手册@Ashui chu li yao ji ji pei fang shou ce@f严莲荷主编 |
| 210 | @a北京@c中国石化出版社@d2004.01 | |
| 215 | @a602页@c表格@d26cm | |
| 312 | @a封面并列题名: The handbook of water treatment agents & formulations | |
| 510 | 1 | @aThe handbook of water treatment agents & formulations@zeng |
| 606 | 0 | @a水处理药剂@x配方@j手册 |
| 606 | 0 | @a水处理药剂 |
| 606 | 0 | @a配方 |
| 606 | 0 | @a废物 |
| 606 | 0 | @a废物处理 |
| 606 | 0 | @a废物综合利用 |
| 690 | @aTU991.2-62@v4 | |
| 690 | @aX703.5@v3 | |
| 701 | 0 | @a严莲荷@Ayan lian he@4主编 |
| 801 | 0 | @aCN@bQSSKm@c20050119 |
| 905 | @a10447@dX703.5@eY055 | |
| 水处理药剂及配方手册/严莲荷主编.-北京:中国石化出版社,2004.01 |
| 602页:表格;26cm |
| ISBN 7-80164-468-9:CNY 85.00 |
| ● |
| 相关链接 |
|
|
|
正题名:水处理药剂及配方手册
索取号:X703.5/Y055
 
预约/预借
| 序号 | 登录号 | 条形码 | 馆藏地/架位号 | 状态 | 备注 |
| 1 | 423587 | 204235871 | 市政与环境工程学院资料室/101建筑库 97排2列2层/ [索取号:X703.5/Y055] | 在馆 | |
| 2 | 439003 | 204390033 | 自科库501/501自科库 107排1列1层/ [索取号:X703.5/Y055] | 在馆 | |
| 3 | 439004 | 204390042 | 市政与环境工程学院资料室/ [索取号:X703.5/Y055] | 在馆 |